Valtioiden muotoja maailmankartalla #3 - Statistics

Yleistilastot
  • Tätä visaa on pelattu 2 107 kertaa
  • Keskiarvotulos 18 / 20
Vastaukset kartalla
Vastauksille on annettu kartalla punavihreä väri sen mukaan, kuinka moni on saanut sen oikein.
 
Vastaustilastot
Valtio % Oikein
Australia
99%
Brasilia
99%
Irlanti
99%
Italia
99%
Norja
99%
Portugali
98%
Turkki
98%
Chile
97%
Madagaskar
97%
Valko-Venäjä
97%
Kazakstan
95%
Saudi-Arabia
95%
Nepal
89%
Tunisia
85%
Namibia
79%
Kambodža
77%
Nicaragua
74%
Tansania
74%
Senegal
73%
Kamerun
68%
Ehtoja vastaavia visoja ei löytynyt
Tulosjakauma
Jokaisen tuloksen saaneiden osuus
Persentiili vastausten määrän mukaan
Tuloshistoriasi
Et ole pelannut tätä visaa